المثنوي العربي النوري / (Record no. 1631)

MARC details
000 -LEADER
fixed length control field 00816nam a2200217 ar4500
001 - CONTROL NUMBER
control field 1633
005 - DATE AND TIME OF LATEST TRANSACTION
control field 20221127090246.0
008 - FIXED-LENGTH DATA ELEMENTS--GENERAL INFORMATION
fixed length control field 100110s ua 00010 ara d
020 ## - INTERNATIONAL STANDARD BOOK NUMBER
International Standard Book Number 9770079723
082 04 - DEWEY DECIMAL CLASSIFICATION NUMBER
Classification number 210.8
Item number ن476
100 1# - MAIN ENTRY--PERSONAL NAME
Personal name النورسي، سعيد،
Dates associated with a name ت1960.
245 12 - TITLE STATEMENT
Title المثنوي العربي النوري /
Statement of responsibility, etc. بديع الزمان سعيد النورسي ؛ تحقيق احسان قاسم الصالحي.
250 ## - EDITION STATEMENT
Edition statement ط. 3.
260 ## - PUBLICATION, DISTRIBUTION, ETC.
Place of publication, distribution, etc. القاهرة :
Name of publisher, distributor, etc. شركة سوزلر للنشر،
Date of publication, distribution, etc. 2003.
300 ## - PHYSICAL DESCRIPTION
Extent 552 ص. ؛
Dimensions 24 سم.
440 #0 - SERIES STATEMENT/ADDED ENTRY--TITLE
Title كليات رسائل النور ؛
Volume/sequential designation 6.
650 #4 - SUBJECT ADDED ENTRY--TOPICAL TERM
Topical term or geographic name entry element الاسلام
Form subdivision مجموعات.
650 #4 - SUBJECT ADDED ENTRY--TOPICAL TERM
Topical term or geographic name entry element الاسلام
General subdivision تاريخ.
650 #4 - SUBJECT ADDED ENTRY--TOPICAL TERM
Topical term or geographic name entry element الثقافة الاسلامية.
700 0# - ADDED ENTRY--PERSONAL NAME
Personal name الصالحي، احسان قاسم،
Relator term محقق.
Holdings
Withdrawn status Lost status Source of classification or shelving scheme Damaged status Not for loan Home library Current library Date acquired Total Checkouts Full call number Barcode Date last seen Copy number Price effective from Koha item type
          CENTRAL CENTRAL 11/27/2022   210.8 ل476 1000000005995 11/27/2022 C1 11/27/2022 Book